Normal view
MARC view
- الصلاة- فتاوى شرعية
Entry Topical Term
001 - CONTROL NUMBER
- control field: 43710
003 - CONTROL NUMBER IDENTIFIER
- control field: JO-AjAnu
005 - DATE AND TIME OF LATEST TRANSACTION
- control field: 20230606081237.0
008 - FIXED-LENGTH DATA ELEMENTS
- fixed length control field: 230606|| aca||aabn | a|a d
040 ## - CATALOGING SOURCE
- Original cataloging agency: JO-AjAnu
- Transcribing agency: JO-AjAnu
150 ## - HEADING--TOPICAL TERM
- Topical term or geographic name entry element: الصلاة- فتاوى شرعية
670 ## - SOURCE DATA FOUND
- Source citation: Work cat.: (JO-AjAnu)22378: هيئة الفتوى ولجنة الامور العامة فيها المكونة من كبار العلماء/الكويت, author 43709, فتاوى المساجد والصلاة فيها